[Event "Stay Safe Play From Home 225"]
[Site "T#646783Emanuel Laske"]
[Date "2020.06.14"]
[Round "6"]
[White "little champs"]
[Black "Germanicus G"]
[Result "1-0"]
[WhiteElo "2098"]
[BlackElo "1528"]
[Annotator "TA"]
[PlyCount "131"]
[EventDate "2020.06.14"]
[EventType "swiss (blitz)"]

{[%evp 14,131,-14,-22,-17,-23,-22,-49,23,-11,31,15,16,0,32,41,115,114,124,122,130,130,145,145,149,146,147,108,170,170,188,160,213,210,310,310,303,303,298,278,260,260,237,251,287,270,246,216,216,216,298,297,297,260,328,303,570,570,1154,550,550,530,692,685,629,659,659,629,628,621,618,541,517,518,442,435,434,273,297,297,290,286,286,223,279,223,223,161,216,210,132,40,213,0,0,-132,0,0,10,0,10,10,10,10,29982,29983,29983,29984,29984,29985,29990,29991,29991,29992,29992,29993,29993,29994,29994,29994]} 1. d4 e6 2. e4 d5 3. Nd2 c5 4. dxc5 Bxc5 5. exd5 exd5 6. Ngf3 Nf6 7. Bd3 O-O 8. O-O Nc6 {C01: French: Exchange Variation.} 9. Nb3 Bb6 10. Bg5 {[#] 10.h3 is vanishing.} Nb4 $146 (10... h6 $15 11. Be3 Bxe3 12. fxe3 Bd7) ({Predecessor:} 10... h6 11. Bh4 g5 12. Bg3 Ne4 13. Bxe4 dxe4 14. Ne5 Qxd1 15. Rfxd1 f5 16. Nxc6 bxc6 {0-1 (36) Schekachikhin,M (2406)-Munkhgal,G (2501) chess.com INT 2020}) 11. Be2 Be6 12. c3 Nc6 13. Nbd4 Nxd4 14. Nxd4 Bxd4 (14... h6 $14 15. Be3 Re8) 15. Qxd4 $16 ({Much weaker is} 15. cxd4 $6 h6 $11) 15... a6 16. Rad1 b5 17. Bf3 h6 18. Bxf6 Qxf6 19. Qxf6 gxf6 20. Bxd5 Bxd5 (20... Rad8 $16) 21. Rxd5 {[%mdl 4096] Endgame KRR-KRR} Rfb8 22. Rfd1 a5 (22... Re8 $16 23. Kf1 Re6) 23. g3 $18 a4 (23... Kg7 $142 24. R1d4 Rb7 25. Rg4+ Kh7) 24. a3 Kg7 25. Rc5 Ra6 26. Rdd5 Rab6 27. Rc7 Re6 28. Kf1 Re4 29. Rdd7 Rf8 30. Rb7 Re5 31. Rb6 Rh5 32. h4 Re8 33. Rdb7 Ree5 34. Ra7 Rhf5 $2 (34... Re8 {was worth a try.} 35. Ra5 Rd8 36. Rbxb5 Rxb5 37. Rxb5 Rd2) 35. Rbb7 Re3 36. Rxf7+ (36. g4 $142 Rf4 37. Rxf7+ Kg8 38. Rg7+ Kh8 39. Rgb7) 36... Kg8 37. Rfc7 {White wants to mate with Rc8+.} Re8 38. Rg7+ Kh8 39. Rh7+ Kg8 40. Rxh6 Rd8 41. Rg6+ Kf8 42. Rgg7 Rd2 43. Rgf7+ Kg8 44. f4 Rfd5 45. Rfc7 {Ra8+ is the strong threat.} Rd8 46. Rg7+ Kh8 47. Rh7+ Kg8 48. Rag7+ Kf8 49. h5 {White threatens h6 and mate.} Rxb2 {[%cal Rd8d1]} 50. Rh8+ Kxg7 {[%cal Rd8d1]} 51. Rxd8 {KR-KR} Rb3 {[#]} 52. Kg2 (52. Rd5 $1 $16) 52... Rxc3 $2 (52... Rxa3 $14 53. Rc8 Rb3) 53. Kh3 $2 ({Better is} 53. Rd7+ $18 Kh6 54. Rd5) 53... Rxa3 $11 54. Kh4 {[#]} (54. Rd7+ $11 Kh6 55. Kg4) 54... f5 (54... Ra1 $1 $17 55. Rd7+ Kg8) 55. Rd7+ Kf6 56. Rd6+ Ke7 57. Rb6 Rb3 $1 58. h6 {aiming for h7.} a3 $2 {[%mdl 8192]} (58... Kf7 $11) 59. h7 {White mates.} Rb1 60. Rh6 a2 61. h8=Q a1=Q 62. Qh7+ {[%mdl 64] Double Attack} Kf8 63. Qxf5+ Kg8 64. Rg6+ Qg7 65. Rxg7+ Kxg7 66. Qxb1 {Accuracy: White = 73%, Black = 49%.} 1-0

[Event "Stay Safe Play From Home 225"]
[Site "T#646783Emanuel Laske"]
[Date "2020.06.14"]
[Round "6"]
[White "Klausen"]
[Black "Don59as"]
[Result "0-1"]
[WhiteElo "2028"]
[BlackElo "2026"]
[Annotator "NA RC"]
[PlyCount "70"]
[EventDate "2020.06.14"]
[EventType "swiss (blitz)"]

1. d4 {[%emt 0:00:04]} d5 {[%emt 0:00:06]} 2. Nf3 {[%emt 0:00:01]} g6 {[%emt 0:00:03]} 3. c4 {[%emt 0:00:02]} e6 {[%emt 0:00:01]} 4. Nc3 {[%emt 0:00:05]} Bg7 {[%emt 0:00:01]} 5. Bg5 {[%emt 0:00:07]} f6 {[%emt 0:00:01]} 6. Bh4 {[%emt 0:00:05]} h5 {[%emt 0:00:02]} 7. Bg3 {[%emt 0:00:03]} g5 {[%emt 0:00:07]} 8. h3 {[%emt 0:00:05]} h4 {[%emt 0:00:08]} 9. Bh2 {[%emt 0:00:02]} c6 {[%emt 0:00:06]} 10. e3 {[%emt 0:00:04]} Ne7 {[%emt 0:00:02]} 11. Bd3 {[%emt 0:00:06]} dxc4 {[%emt 0:00:18]} 12. Bxc4 {[%emt 0:00:02]} Nf5 {[%emt 0:00:09]} 13. Qc2 {[%emt 0:00:06]} Qe7 {[%emt 0:00:16]} 14. O-O {[%emt 0:00:12]} Nd7 {[%emt 0:00:12]} 15. a3 {[%emt 0:00:09]} Nb6 {[%emt 0:00:03]} 16. Ba2 {[%emt 0:00:02]} Rh6 {[%emt 0:00:16] Klausen reconnected.} 17. Rad1 {[%emt 0:00:12]} Bd7 {[%emt 0:00:04]} 18. e4 {[%emt 0:00:03]} Nd6 {[%emt 0:00:06]} 19. e5 {[%emt 0:00:01]} Nf5 {[%emt 0:00:11]} 20. Rfe1 {[%emt 0:00:08]} Nd5 {[%emt 0:00:11]} 21. Bxd5 {[%emt 0:00:25]} cxd5 {[%emt 0:00:14]} 22. exf6 {[%emt 0:00:04]} Bxf6 {[%emt 0:00:20]} 23. Nxd5 {[%emt 0:00:04]} Qd8 {[%emt 0:00:02]} 24. Nc7+ {[%emt 0:00:08]} Kf7 {[%emt 0:00:04]} 25. Nxa8 {[%emt 0:00:03]} Qxa8 {[%emt 0:00:02]} 26. Ne5+ {[%emt 0:00:06]} Bxe5 {[%emt 0:00:05]} 27. dxe5 {[%emt 0:00:01]} Bc6 {[%emt 0:00:09]} 28. Qc5 {[%emt 0:00:24]} Ne7 {[%emt 0:00:08]} 29. Rd6 {[%emt 0:00:10]} Rg6 {[%emt 0:00:05]} 30. b4 {[%emt 0:00:28]} b6 {[%emt 0:00:09]} 31. Qe3 {[%emt 0:00:12]} Bxg2 {[%emt 0:00:05]} 32. f3 {[%emt 0:00:07]} Bxh3 {[%emt 0:00:08]} 33. Qe4 {[%emt 0:00:18]} Qc8 {[%emt 0:00:24]} 34. Qd3 {[%emt 0:00:11]} Bf5 {[%emt 0:00:04]} 35. Qd5 {[%emt 0:00:08]} Nxd5 {[%emt 0:00:03] Klausen gibt auf (Lag: Av=0.84s, max=8.1s)} 0-1

[Event "Stay Safe Play From Home 225"]
[Site "T#646783Emanuel Laske"]
[Date "2020.06.14"]
[Round "6"]
[White "Sfantul321"]
[Black "Indianquant"]
[Result "0-1"]
[WhiteElo "1982"]
[BlackElo "2350"]
[Annotator "NA RC"]
[PlyCount "64"]
[EventDate "2020.06.14"]
[EventType "swiss (blitz)"]

1. c4 {[%emt 0:00:02]} e5 {[%emt 0:00:07]} 2. Nc3 {[%emt 0:00:01]} Bb4 {[%emt 0:00:01]} 3. Nd5 {[%emt 0:00:01]} Be7 {[%emt 0:00:03]} 4. Nxe7 {[%emt 0:00:01]} Qxe7 {[%emt 0:00:01]} 5. e4 {[%emt 0:00:02]} Nc6 {[%emt 0:00:02]} 6. d3 {[%emt 0:00:01]} d6 {[%emt 0:00:01]} 7. h3 {[%emt 0:00:02]} f5 {[%emt 0:00:01]} 8. exf5 {[%emt 0:00:06]} Bxf5 {[%emt 0:00:00]} 9. Be2 {[%emt 0:00:02]} Nf6 {[%emt 0:00:01]} 10. Nf3 {[%emt 0:00:01]} O-O {[%emt 0:00:05]} 11. O-O {[%emt 0:00:02]} Kh8 {[%emt 0:00:04]} 12. Bg5 {[%emt 0:00:02]} h6 {[%emt 0:00:02]} 13. Be3 {[%emt 0:00:03]} Rae8 {[%emt 0:00:04]} 14. Re1 {[%emt 0:00:02]} Bh7 {[%emt 0:00:04]} 15. Qd2 {[%emt 0:00:02]} Nh5 {[%emt 0:00:02]} 16. Ng5 {[%emt 0:00:09]} Bg6 {[%emt 0:00:07]} 17. Ne4 {[%emt 0:00:03]} Nf4 {[%emt 0:00:02]} 18. Bf1 {[%emt 0:00:06]} Qd7 {[%emt 0:00:23]} 19. Kh2 {[%emt 0:00:02]} Rf7 {[%emt 0:00:05]} 20. g3 {[%emt 0:00:03]} Ne6 {[%emt 0:00:00]} 21. Bg2 {[%emt 0:00:04]} Ref8 {[%emt 0:00:01]} 22. Nc3 {[%emt 0:00:09]} Ncd4 {[%emt 0:00:01]} 23. Rf1 {[%emt 0:00:18]} Nf3+ {[%emt 0:00:02]} 24. Bxf3 {[%emt 0:00:01]} Rxf3 {[%emt 0:00:00]} 25. Kg2 {[%emt 0:00:01] Sfantul321 offers a draw} Nd4 {[%emt 0:00:18]} 26. Ne4 {[%emt 0:00:18]} Qe6 {[%emt 0:00:10]} 27. Rac1 {[%emt 0:00:12]} Bf5 {[%emt 0:00:13]} 28. Rh1 {[%emt 0:00:04]} Bxe4 {[%emt 0:00:06]} 29. dxe4 {[%emt 0:00:02]} Qg6 {[%emt 0:00:04]} 30. Bxd4 {[%emt 0:00:14]} Qxe4 {[%emt 0:00:01]} 31. Rce1 {[%emt 0:00:16]} Rxf2+ {[%emt 0:00:02]} 32. Kg1 {[%emt 0:00:06]} Qg2# {[%emt 0:00:01] (Lag: Av=0.60s, max=1.7s)} 0-1

[Event "Stay Safe Play From Home 225"]
[Site "T#646783Emanuel Laske"]
[Date "2020.06.14"]
[Round "6"]
[White "Dukic"]
[Black "matanant"]
[Result "1-0"]
[WhiteElo "1838"]
[BlackElo "1799"]
[Annotator "NA RC"]
[PlyCount "57"]
[EventDate "2020.06.14"]
[EventType "swiss (blitz)"]

1. c4 {[%emt 0:00:06]} e5 {[%emt 0:00:05]} 2. Nc3 {[%emt 0:00:00]} Nf6 {[%emt 0:00:03]} 3. Nf3 {[%emt 0:00:01]} Bd6 {[%emt 0:00:17]} 4. e4 {[%emt 0:00:11]} c6 {[%emt 0:00:04]} 5. a3 {[%emt 0:00:04]} O-O {[%emt 0:00:02]} 6. d3 {[%emt 0:00:09]} h6 {[%emt 0:00:05]} 7. h3 {[%emt 0:00:03]} Bc7 {[%emt 0:00:02]} 8. g4 {[%emt 0:00:10]} Nh7 {[%emt 0:00:05]} 9. h4 {[%emt 0:00:08]} d6 {[%emt 0:00:08]} 10. Rg1 {[%emt 0:00:05]} g5 {[%emt 0:00:11]} 11. hxg5 {[%emt 0:00:08]} hxg5 {[%emt 0:00:03]} 12. Be3 {[%emt 0:00:05]} f6 {[%emt 0:00:02]} 13. Be2 {[%emt 0:00:12]} Kg7 {[%emt 0:00:02]} 14. Nd2 {[%emt 0:00:02]} Rh8 {[%emt 0:00:01]} 15. Qb3 {[%emt 0:00:22]} Nf8 {[%emt 0:00:03]} 16. O-O-O {[%emt 0:00:02]} Be6 {[%emt 0:00:03]} 17. Qxb7 {[%emt 0:00:03]} Nfd7 {[%emt 0:00:13]} 18. Qxa8 {[%emt 0:00:06]} Qc8 {[%emt 0:00:16]} 19. Qxa7 {[%emt 0:00:03]} Na6 {[%emt 0:00:11]} 20. b4 {[%emt 0:00:22]} Bb8 {[%emt 0:00:50]} 21. Qa8 {[%emt 0:00:06]} Nc7 {[%emt 0:00:31]} 22. Qxc6 {[%emt 0:00:05]} Qf8 {[%emt 0:00:13]} 23. Rh1 {[%emt 0:00:11]} Rxh1 {[%emt 0:00:22]} 24. Rxh1 {[%emt 0:00:02]} Qe7 {[%emt 0:00:01]} 25. Nf1 {[%emt 0:00:02]} Ne8 {[%emt 0:00:13]} 26. Ng3 {[%emt 0:00:03]} Bc7 {[%emt 0:00:03]} 27. Nd5 {[%emt 0:00:09]} Bxd5 {[%emt 0:00:03]} 28. cxd5 {[%emt 0:00:15]} Nf8 {[%emt 0:00:13]} 29. Nf5+ {[%emt 0:00:02] matanant resigns (Lag: Av=1.44s, max=11.6s)} 1-0

[Event "Stay Safe Play From Home 225"]
[Site "T#646783Emanuel Laske"]
[Date "2020.06.14"]
[Round "6"]
[White "Lucknow"]
[Black "Lazieri3"]
[Result "1-0"]
[WhiteElo "1823"]
[BlackElo "2133"]
[Annotator "TA"]
[PlyCount "109"]
[EventDate "2020.06.14"]
[EventType "swiss (blitz)"]

{[%evp 25,109,23,25,24,23,23,18,11,22,14,39,34,36,31,42,36,237,227,216,219,236,208,215,208,244,167,236,223,225,264,242,260,236,190,359,275,548,544,545,414,404,391,697,369,369,370,367,362,346,308,276,0,0,0,0,0,0,0,0,0,0,0,0,0,72,58,89,67,290,239,450,427,322,0,0,0,0,0,317,315,577,378,341,303,715,626]} 1. d4 d5 2. c4 c6 3. Nc3 Nf6 4. Nf3 Bf5 5. e3 e6 6. Bd3 Bxd3 7. Qxd3 h6 8. O-O Bd6 9. e4 dxe4 10. Nxe4 Nxe4 11. Qxe4 Nd7 12. Rd1 Nf6 13. Qe2 O-O {[#]} 14. h3 $146 {D12: Slav Defence: 3 Nf3 Nf6 4 e3 Bf5.} ({Predecessor:} 14. b3 Qa5 15. Ne5 Rfd8 16. Bd2 {½-½ (16) Reinhardt,B (2182)-Lentrodt,T (2251) Germany 2020}) 14... Re8 15. Be3 Qc7 16. Rd3 {The position is equal.} Rad8 17. Rad1 Bf4 18. Bxf4 Qxf4 19. Ne5 Qh4 20. b3 c5 $2 ({Better is} 20... Qg5 $14) 21. dxc5 $18 Rxd3 22. Qxd3 ({But not} 22. Rxd3 $6 Qf4) (22. Nxd3 $6 Qd4 $16) 22... Qh5 23. Nd7 Nxd7 24. Qxd7 {[%mdl 4160] Endgame Double Attack. KQR-KQR} Rf8 25. Qd6 Rc8 (25... Qe2 {was worth a try.}) 26. b4 a5 27. a3 $1 {[%cal Ba2a3,Ba3b4,Bb4b5,Bb5c6,Bc6c7][%mdl 32]} ({Weaker is} 27. bxa5 Rxc5 28. Rb1 Rxa5 $14) 27... axb4 28. axb4 Qe2 29. Qd7 Rb8 $2 (29... Ra8 30. Rf1 Qxc4) 30. Qd3 Qb2 $2 (30... Qh5 {was necessary.} 31. g4 Qg5) 31. b5 Ra8 32. c6 bxc6 33. bxc6 {And now c7 would win.} Rc8 $2 (33... Qb6 34. Qf3 Qc7) 34. c7 Qb7 35. Qd8+ $1 Kh7 36. Rd7 Qb1+ 37. Kh2 $1 Qf5 {[#]} 38. Rd2 $2 ({Inferior is} 38. Qxc8 Qf4+ 39. g3 Qxf2+ 40. Kh1 Qe1+ 41. Kh2 Qf2+ 42. Kh1 Qe1+ 43. Kh2 Qf2+ $11) (38. Qh4 $1 $18) 38... Qf4+ 39. g3 Qxc7 40. Qd3+ g6 41. Rc2 Qc5 42. Kg2 Rc6 43. Qf3 Rc7 44. Qe4 Qc6 (44... Kg8 $11) 45. Qxc6 $16 Rxc6 {KR-KR} 46. Kf3 f5 $2 (46... Kg8 $14) 47. Ke3 e5 $2 (47... Kg7 {might work better.} 48. Kd4 Kf7) 48. Kd3 $18 Kg7 49. Kc3 $2 (49. c5 $18) 49... Kf6 $11 50. Kb4 {Strongly threatening Kb5.} Rb6+ 51. Kc5 Rb8 $2 {[%mdl 8192] [#]} (51... Rb3 $1 $11) 52. Kd6 $1 $18 f4 $2 (52... Rd8+ 53. Kc7 Ke7) 53. c5 fxg3 54. fxg3 e4 $2 (54... Rd8+ 55. Kc7 Ke7) 55. c6 {Accuracy: White = 72%, Black = 46%.} 1-0

[Event "Stay Safe Play From Home 225"]
[Site "T#646783Emanuel Laske"]
[Date "2020.06.14"]
[Round "6"]
[White "Timbre"]
[Black "Tunca"]
[Result "1-0"]
[WhiteElo "1681"]
[BlackElo "1630"]
[Annotator "NA RC"]
[PlyCount "123"]
[EventDate "2020.06.14"]
[EventType "swiss (blitz)"]

1. d4 {[%emt 0:00:06]} d5 {[%emt 0:00:13]} 2. Nf3 {[%emt 0:00:01]} Nf6 {[%emt 0:00:07]} 3. c3 {[%emt 0:00:01]} c5 {[%emt 0:00:08]} 4. Bf4 {[%emt 0:00:02]} e6 {[%emt 0:00:13]} 5. e3 {[%emt 0:00:02]} Nc6 {[%emt 0:00:01]} 6. Bd3 {[%emt 0:00:03]} Be7 {[%emt 0:00:03]} 7. Nbd2 {[%emt 0:00:01]} O-O {[%emt 0:00:20]} 8. Qe2 {[%emt 0:00:01]} Re8 {[%emt 0:00:03]} 9. dxc5 {[%emt 0:00:02]} Bxc5 {[%emt 0:00:02]} 10. e4 {[%emt 0:00:01]} dxe4 {[%emt 0:00:03]} 11. Nxe4 {[%emt 0:00:02]} Nxe4 {[%emt 0:00:00]} 12. Qxe4 {[%emt 0:00:02]} f5 {[%emt 0:00:07]} 13. Qe2 {[%emt 0:00:06]} e5 {[%emt 0:00:02]} 14. Bg5 {[%emt 0:00:05]} Qb6 {[%emt 0:00:21]} 15. O-O {[%emt 0:00:08]} Kh8 {[%emt 0:00:21]} 16. Bc4 {[%emt 0:00:03]} e4 {[%emt 0:00:06]} 17. Nd4 {[%emt 0:00:04]} Nxd4 {[%emt 0:00:02]} 18. cxd4 {[%emt 0:00:02]} Bxd4 {[%emt 0:00:00]} 19. Bb3 {[%emt 0:00:02]} Be6 {[%emt 0:00:05]} 20. Bxe6 {[%emt 0:00:03]} Qxe6 {[%emt 0:00:00]} 21. Rad1 {[%emt 0:00:05]} Rad8 {[%emt 0:00:04]} 22. Be3 {[%emt 0:00:03]} Qb6 {[%emt 0:00:33]} 23. Bxd4 {[%emt 0:00:04]} Rxd4 {[%emt 0:00:00]} 24. Rxd4 {[%emt 0:00:03]} Qxd4 {[%emt 0:00:00]} 25. Qh5 {[%emt 0:00:05]} g6 {[%emt 0:00:13]} 26. Qe2 {[%emt 0:00:04]} Rd8 {[%emt 0:00:01]} 27. b3 {[%emt 0:00:02]} Qd3 {[%emt 0:00:08]} 28. Qb2+ {[%emt 0:00:03]} Qd4 {[%emt 0:00:02]} 29. Qa3 {[%emt 0:00:03]} Kg7 {[%emt 0:00:03]} 30. Qe7+ {[%emt 0:00:03]} Kh6 {[%emt 0:00:03]} 31. Qh4+ {[%emt 0:00:03]} Kg7 {[%emt 0:00:00]} 32. Qe7+ {[%emt 0:00:02]} Kg8 {[%emt 0:00:00]} 33. Qe6+ {[%emt 0:00:02]} Kh8 {[%emt 0:00:03]} 34. Qe7 {[%emt 0:00:02]} Rd7 {[%emt 0:00:04]} 35. Qe8+ {[%emt 0:00:02]} Kg7 {[%emt 0:00:02]} 36. h3 {[%emt 0:00:01]} f4 {[%emt 0:00:07]} 37. Qe6 {[%emt 0:00:09]} e3 {[%emt 0:00:16]} 38. fxe3 {[%emt 0:00:02]} fxe3 {[%emt 0:00:00]} 39. Re1 {[%emt 0:00:03]} e2+ {[%emt 0:00:02]} 40. Kh1 {[%emt 0:00:01]} Qd1 {[%emt 0:00:15]} 41. Qe5+ {[%emt 0:00:07]} Kh6 {[%emt 0:00:05]} 42. Qf4+ {[%emt 0:00:03]} Kg7 {[%emt 0:00:00]} 43. Qe5+ {[%emt 0:00:01]} Kf8 {[%emt 0:00:03]} 44. Qh8+ {[%emt 0:00:04]} Ke7 {[%emt 0:00:01]} 45. Qxh7+ {[%emt 0:00:02]} Kd8 {[%emt 0:00:00]} 46. Qh8+ {[%emt 0:00:04]} Kc7 {[%emt 0:00:00]} 47. Qe5+ {[%emt 0:00:03]} Rd6 {[%emt 0:00:02]} 48. Qe7+ {[%emt 0:00:03]} Kc6 {[%emt 0:00:01]} 49. Qe4+ {[%emt 0:00:05]} Kd7 {[%emt 0:00:02]} 50. Qxe2 {[%emt 0:00:03]} Qxe2 {[%emt 0:00:01]} 51. Rxe2 {[%emt 0:00:01]} Kc6 {[%emt 0:00:00]} 52. Kg1 {[%emt 0:00:02]} Kb5 {[%emt 0:00:00]} 53. Kf2 {[%emt 0:00:03]} Kb4 {[%emt 0:00:01]} 54. g4 {[%emt 0:00:05]} a5 {[%emt 0:00:03]} 55. Kg3 {[%emt 0:00:01]} b5 {[%emt 0:00:01]} 56. h4 {[%emt 0:00:01]} Kc3 {[%emt 0:00:05]} 57. h5 {[%emt 0:00:03]} Kd3 {[%emt 0:00:01]} 58. Rf2 {[%emt 0:00:04]} gxh5 {[%emt 0:00:02]} 59. gxh5 {[%emt 0:00:02]} Kc3 {[%emt 0:00:06]} 60. Rf3+ {[%emt 0:00:01]} Kb2 {[%emt 0:00:01]} 61. Rf2+ {[%emt 0:00:01]} Ka3 {[%emt 0:00:01]} 62. Kg4 {[%emt 0:00:01] Tunca resigns (Lag: Av=0.31s, max=0.6s)} 1-0

[Event "Stay Safe Play From Home 225"]
[Site "T#646783Emanuel Laske"]
[Date "2020.06.14"]
[Round "7"]
[White "Indianquant"]
[Black "little champs"]
[Result "1-0"]
[WhiteElo "2354"]
[BlackElo "2099"]
[Annotator "TA"]
[PlyCount "49"]
[EventDate "2020.06.14"]
[EventType "swiss (blitz)"]

{[%evp 20,49,79,62,67,69,79,82,109,116,115,95,99,91,202,214,209,207,256,251,304,291,446,436,2151,2038,1865,1006,2216,2091,2063,1860]} 1. Nf3 c5 2. c4 d6 3. d4 cxd4 4. Nxd4 Nf6 5. Nc3 Nc6 6. e4 g6 7. Be2 Bg7 8. Be3 O-O 9. O-O Nxd4 10. Bxd4 Be6 11. Qd2 Rc8 {B38: Sicilian: Maroczy Bind with 5...Bg7 and 7...0-0.} 12. b3 a6 13. Rad1 {[%cal Ba1d1,Bd1d3,Bd3g3][%mdl 32]} Re8 {White is better.} 14. f4 Qa5 15. f5 Bd7 16. Qb2 {[#]} gxf5 $146 (16... b5 $16) ({Predecessor:} 16... Qd8 17. Kh1 e5 18. fxe6 fxe6 19. e5 dxe5 20. Bxe5 Qe7 21. Rxf6 Bxf6 22. Rxd7 Qxd7 23. Bxf6 {0-1 (28) Bosch,J (2444)-Otte,M (2267) Dieren 2008}) 17. exf5 $18 Kh8 18. Rd3 b5 19. Rg3 {aiming for Nd5.} bxc4 20. Bxc4 d5 {[#]} (20... Rxc4 $142 21. bxc4 Bc6) 21. Nxd5 $1 {[%mdl 576] Hoping for Bb6. Pin. White is clearly winning.} Rxc4 (21... Rc6 $142 22. Qc1 Qd8) (21... Nxd5 22. Bxg7+) 22. bxc4 Qd8 23. Rf4 {Rxg7! is the strong threat.} Rg8 {[#]} 24. Rxg7 $1 Rxg7 25. Nxf6 {White took control after the opening. Accuracy: White = 84%, Black = 30%.} 1-0

[Event "Stay Safe Play From Home 225"]
[Site "T#646783Emanuel Laske"]
[Date "2020.06.14"]
[Round "7"]
[White "Lazieri3"]
[Black "Don59as"]
[Result "1/2-1/2"]
[WhiteElo "2104"]
[BlackElo "2043"]
[Annotator "NA RC"]
[PlyCount "66"]
[EventDate "2020.06.14"]
[EventType "swiss (blitz)"]

1. e4 {[%emt 0:00:34]} e5 {[%emt 0:00:02] Lazieri3 offers a draw} 2. Nf3 {[%emt 0:00:27]} Nc6 {[%emt 0:00:03]} 3. Nc3 {[%emt 0:00:08]} d6 {[%emt 0:00:04]} 4. Bc4 {[%emt 0:00:02]} Be7 {[%emt 0:00:01]} 5. d3 {[%emt 0:00:01]} Na5 {[%emt 0:00:02]} 6. Bb5+ {[%emt 0:00:01]} c6 {[%emt 0:00:01]} 7. Ba4 {[%emt 0:00:01]} b5 {[%emt 0:00:01]} 8. Bb3 {[%emt 0:00:05]} Nxb3 {[%emt 0:00:03]} 9. axb3 {[%emt 0:00:00]} f5 {[%emt 0:00:05]} 10. exf5 {[%emt 0:00:02]} Bxf5 {[%emt 0:00:02]} 11. Be3 {[%emt 0:00:01]} a6 {[%emt 0:00:50]} 12. Qd2 {[%emt 0:00:14]} Nf6 {[%emt 0:00:02]} 13. Ng5 {[%emt 0:00:02]} O-O {[%emt 0:00:04]} 14. Nge4 {[%emt 0:00:02]} d5 {[%emt 0:00:14]} 15. Nxf6+ {[%emt 0:00:04]} Bxf6 {[%emt 0:00:02]} 16. d4 {[%emt 0:00:04]} exd4 {[%emt 0:00:05]} 17. Bxd4 {[%emt 0:00:00]} Re8+ {[%emt 0:00:01]} 18. Kd1 {[%emt 0:00:02]} Bg5 {[%emt 0:00:31]} 19. Be3 {[%emt 0:00:27]} Bxe3 {[%emt 0:00:04]} 20. fxe3 {[%emt 0:00:01]} Qg5 {[%emt 0:00:03]} 21. Re1 {[%emt 0:00:05]} Be4 {[%emt 0:00:26]} 22. Nxe4 {[%emt 0:00:07]} Rxe4 {[%emt 0:00:02]} 23. Kc1 {[%emt 0:00:10]} d4 {[%emt 0:00:05]} 24. Qd3 {[%emt 0:00:16]} Rxe3 {[%emt 0:00:16]} 25. Rxe3 {[%emt 0:00:01]} dxe3 {[%emt 0:00:11]} 26. Kb1 {[%emt 0:00:03]} Rd8 {[%emt 0:00:04]} 27. Qe4 {[%emt 0:00:10]} Rd1+ {[%emt 0:00:35]} 28. Ka2 {[%emt 0:00:01]} Rxa1+ {[%emt 0:00:09]} 29. Kxa1 {[%emt 0:00:00]} h5 {[%emt 0:00:15]} 30. h4 {[%emt 0:00:08]} Qg4 {[%emt 0:00:24]} 31. Qxe3 {[%emt 0:00:11]} Qxh4 {[%emt 0:00:04]} 32. Qe8+ {[%emt 0:00:03]} Kh7 {[%emt 0:00:01]} 33. Qxc6 {[%emt 0:00:01] Don59as offers a draw} Qh1+ {[%emt 0:00:02] (Lag: Av=0.62s, max=0.8s)} 1/2-1/2

[Event "Stay Safe Play From Home 225"]
[Site "T#646783Emanuel Laske"]
[Date "2020.06.14"]
[Round "7"]
[White "Dukic"]
[Black "Sfantul321"]
[Result "1-0"]
[WhiteElo "1853"]
[BlackElo "1979"]
[Annotator "NA RC"]
[PlyCount "61"]
[EventDate "2020.06.14"]
[EventType "swiss (blitz)"]

1. c4 {[%emt 0:00:09]} c5 {[%emt 0:00:01]} 2. Nc3 {[%emt 0:00:03]} g6 {[%emt 0:00:01]} 3. Nf3 {[%emt 0:00:01]} Bg7 {[%emt 0:00:00]} 4. d4 {[%emt 0:00:01]} cxd4 {[%emt 0:00:01]} 5. Nxd4 {[%emt 0:00:01]} Nf6 {[%emt 0:00:01]} 6. g3 {[%emt 0:00:01]} O-O {[%emt 0:00:02]} 7. Bg2 {[%emt 0:00:01]} a6 {[%emt 0:00:01]} 8. O-O {[%emt 0:00:01]} Nc6 {[%emt 0:00:02]} 9. Nc2 {[%emt 0:00:02]} d6 {[%emt 0:00:01]} 10. b3 {[%emt 0:00:02]} Bf5 {[%emt 0:00:02]} 11. e4 {[%emt 0:00:03]} Bg4 {[%emt 0:00:04]} 12. f3 {[%emt 0:00:01]} Be6 {[%emt 0:00:02]} 13. Qd2 {[%emt 0:00:02]} Qc8 {[%emt 0:00:03]} 14. Rd1 {[%emt 0:00:02]} Bh3 {[%emt 0:00:02]} 15. Bh1 {[%emt 0:00:02]} Rb8 {[%emt 0:00:08]} 16. Bb2 {[%emt 0:00:03]} b5 {[%emt 0:00:05]} 17. cxb5 {[%emt 0:00:04]} axb5 {[%emt 0:00:01]} 18. Ne3 {[%emt 0:00:01]} Ne5 {[%emt 0:00:07]} 19. Rac1 {[%emt 0:00:04]} Qd7 {[%emt 0:00:02]} 20. Ne2 {[%emt 0:00:18]} Ne8 {[%emt 0:00:15]} 21. Nf4 {[%emt 0:00:21]} Nc7 {[%emt 0:00:07]} 22. Nxh3 {[%emt 0:00:06]} Qxh3 {[%emt 0:00:05]} 23. Rxc7 {[%emt 0:00:01]} Bh6 {[%emt 0:00:11]} 24. Bg2 {[%emt 0:00:06]} Qh5 {[%emt 0:00:07]} 25. Qe2 {[%emt 0:00:11]} Rfc8 {[%emt 0:00:15]} 26. Rdc1 {[%emt 0:00:15]} Rxc7 {[%emt 0:00:13]} 27. Rxc7 {[%emt 0:00:02]} Kf8 {[%emt 0:00:08]} 28. Nd5 {[%emt 0:00:10]} e6 {[%emt 0:00:13]} 29. Nf6 {[%emt 0:00:10]} Nxf3+ {[%emt 0:00:25]} 30. Bxf3 {[%emt 0:00:06]} Qh3 {[%emt 0:00:03]} 31. Bg2 {[%emt 0:00:03] Sfantul321 resigns (Lag: Av=0.22s, max=0.4s)} 1-0

[Event "Stay Safe Play From Home 225"]
[Site "T#646783Emanuel Laske"]
[Date "2020.06.14"]
[Round "7"]
[White "Timbre"]
[Black "klausen"]
[Result "0-1"]
[WhiteElo "1695"]
[BlackElo "2011"]
[Annotator "TA"]
[PlyCount "30"]
[EventDate "2020.06.14"]
[EventType "swiss (blitz)"]

{[%evp 9,30,-10,-7,-20,-23,-21,-22,-31,-9,-43,-30,-98,-104,-102,-105,-102,-112,-210,-124,-741,-743,-1777,-1763]} 1. d4 e6 2. Nf3 Nf6 3. c3 d5 4. Bg5 Be7 5. Bxf6 Bxf6 6. e3 {D02: 1 d4 d5 2 Nf3 sidelines, including 2...Nf6 3 g3 and 2...Nf6 3 Bf4.} O-O 7. Bd3 c5 {[#]} 8. Qe2 $146 {The position is equal.} ({Predecessor:} 8. Nbd2 Nc6 9. O-O e5 10. dxe5 Bxe5 11. Nxe5 Nxe5 12. Bxh7+ Kxh7 13. Qh5+ Kg8 14. Qxe5 {1-0 (40) Wallinger,M (2111)-Lutz,D (2222) Bayern 2013}) 8... Nc6 9. Nbd2 b6 10. e4 (10. O-O $11) 10... cxd4 $17 11. cxd4 Nxd4 12. Nxd4 Bxd4 13. exd5 (13. Nf3 $17 {keeps fighting.} Bc5 14. O-O) 13... Bxb2 $19 ({Don't do} 13... exd5 {[#]} 14. Bxh7+ $1 {[%mdl 512]} Kxh7 15. Qd3+ Kg8 16. Qxd4 $17) 14. Qe4 $2 {[%mdl 8192] [#]} (14. dxe6 $17 Bxe6 15. Rd1) 14... f5 15. Qh4 Qxh4 {Black took control after the opening. Accuracy: White = 27%, Black = 100%.} 0-1